书目信息 |
| 题名: |
化工流变学
|
|
| 作者: | 江体乾, 著 | |
| 分册: | ||
| 出版信息: | 上海 华东理工大学出版社 2004.06 |
|
| 页数: | 466页 | |
| 开本: | 20cm | |
| 丛书名: | ||
| 单 册: | ||
| 中图分类: | TQ012 | |
| 科图分类: | TQ012 | |
| 主题词: | 化学工业--基础理论 , 流变学--liu bian xue--应用--化学工程--研究生教育--教材 | |
| 电子资源: | ||
| ISBN: | 7-5628-1521-6 | |
| 000 | 00881nam0 2200289 450 | |
| 001 | CAL 012004099856 | |
| 005 | 20060602163631.56 | |
| 010 | @a7-5628-1521-6@dCNY 28.00 | |
| 099 | @aCAL 012004099856 | |
| 100 | @a20040910d2004 ekmy0chiy0120 ea | |
| 101 | 0 | @achi |
| 102 | @aCN@b310000 | |
| 200 | 1 | @a化工流变学@Ahua gong liu bian xue@f江体乾著 |
| 210 | @a上海@c华东理工大学出版社@d2004.06 | |
| 215 | @a466页@c图 (部分彩图), 肖像@d20cm | |
| 300 | @a华东理工大学研究生教育基金资助项目 | |
| 312 | @a英文并列题名取自封面。 | |
| 320 | @a有书目。 | |
| 510 | 1 | @aChemical englneering rheology@zeng |
| 606 | 0 | @a化学工业@x基础理论 |
| 606 | 0 | @a流变学@Aliu bian xue@x应用@x化学工程@x研究生教育@j教材 |
| 690 | @aTQ012@v4 | |
| 692 | @aTQ012 | |
| 701 | 0 | @a江体乾,@Ajiang ti qian@f1930-@4著 |
| 801 | 0 | @aCN@bBNU@c20060602 |
| 905 | @dTQ012@eJ440 | |
| 906 | @dCNY 28.00@n3@r1 | |
| 化工流变学/江体乾著.-上海:华东理工大学出版社,2004.06 |
| 466页:图 (部分彩图), 肖像;20cm |
| 华东理工大学研究生教育基金资助项目 |
| ISBN 7-5628-1521-6:CNY 28.00 |
| ● |
| 相关链接 |
|
|
|
正题名:化工流变学
索取号:TQ012/J440
 
预约/预借
| 序号 | 登录号 | 条形码 | 馆藏地/架位号 | 状态 | 备注 |
| 1 | 606124 | 206061241 | 自科库501/201建筑库 32排1列5层/ [索取号:TQ012/J440] | 在馆 | |
| 2 | 606125 | 206061250 | 自科库501/501自科库 137排1列6层/ [索取号:TQ012/J440] | 在馆 |